Provincias de España por primeras dos letras en 30 segundos - Estadísticas

Estadísticas generales
  • Esta prueba ha sido intentada 11.766 veces
  • La puntuación promedio es 28 de 50
Respuestas en el mapa
Las respuestas están codificadas por una escala verde-roja en el mapa de la prueba según el % correcto abajo.
 
Estadísticas de respuestas
Provincia % Correcto
Cáceres
88%
Cádiz
88%
Cantabria
88%
Castellón
88%
Madrid
87%
Islas Baleares
86%
Málaga
86%
Badajoz
84%
Barcelona
84%
Álava
73%
Albacete
71%
Alicante
71%
Almería
71%
La Coruña
67%
Segovia
67%
Sevilla
67%
Valencia
66%
Valladolid
66%
Lugo
62%
Lérida
61%
Huesca
60%
Huelva
59%
Asturias
56%
Guipúzcoa
56%
Zamora
54%
Zaragoza
54%
Córdoba
53%
Pontevedra
53%
León
50%
Murcia
50%
Orense
48%
Gerona
46%
Salamanca
46%
Santa Cruz de Tenerife
46%
Granada
44%
La Rioja
44%
Las Palmas
44%
Vizcaya
40%
Palencia
39%
Tarragona
39%
Jaén
37%
Guadalajara
36%
Teruel
35%
Toledo
35%
Navarra
33%
Ciudad Real
32%
Cuenca
31%
Burgos
30%
Ávila
22%
Soria
22%
No se encontraron pruebas coincidentes
Distribución de puntuación
Porcentaje de gente con cada puntuación
Porcentaje por número respondido
Historial de tus puntuaciones
No has intentado esta prueba.